Operaciones unitarias en Ingeniería Química

Bibliographic Details
Main Authors: McCabe, Warren L., Smith, Julian C., Harriott, Peter
Format: Section = Libro
Language:Undetermined
Spanish
Published: México McGraw-Hill 2002
Edition:6a.ed
Subjects:
LEADER 00811nam a2200289Ia 4500
008 240830s9999 xx 000 0 und d
020 |a 970-10-3648-4 
040 |a B-ESTELÍ- RUACS / 660.284 M479 
041 |a spa 
082 |a 660.284 M479 
100 1 |a McCabe, Warren L. 
100 1 |b  Smith, Julian C. 
100 1 |c  Harriott, Peter 
245 1 0 |a Operaciones unitarias en Ingeniería Química 
250 |a 6a.ed 
260 |a México  |b McGraw-Hill  |c 2002 
300 |a 1199 p. :il 
650 7 |a OPERACIONES UNITARIAS - INGENIERÍA QUÍMICA 
650 7 |b  MECÁNICA DE FLUIDOS 
650 7 |c  FLUJO DE FLUIDOS 
650 7 |d  TRANSFERENCIA DE CALOR 
650 7 |e  TRANSFERENCIA DE MASA 
650 7 |f  CRISTALIZACION 
650 7 |g  DESTILACION. 
942 |c BK  |2 ddc 
991 |a TEXTO 
999 |c 11526